000 03357nam a22003857a 4500
003 CHAP
005 20250224110505.0
008 090828s2009 mx r 00010 spa d
035 _a108296
040 _cCHAP
090 _aTesis
100 1 _aHernández Ortiz, Ena Luisa.
_954427
245 1 0 _aDiagnóstico agroindustrial de Xicotepec de Juárez, Puebla
_c/por Ena Luisa Hernández Ortiz
264 1 _aChapingo, Méx. :
_bEl autor,
_c2009.
300 _ax, 119 h. :
_bcuadros, gráfs.
502 _bIA
_cAgroindustrias
_d2009.
_gLIC
520 _aDentro del contexto de la caracterización de la agroindustria se ubica este trabajo a nivel de diagnóstico tratando de lograr, en primer término evaluando el grado de desarrollo agroindustrial existente en la zona de estudio, así mismo determinando a cierto nivel, los recursos agroindustriales, de tal manera que nos sirva para determinar el potencial agroindustrial en dicha zona. El municipio de estudio fue Xicotepec de Juárez, Puebla, localizado al norte del estado. La metodología usada consistió en una revisión de literatura y trabajo de campo. La fase de revisión de literatura se conformo por el marco teórico y de referencia; y en la fase de trabajo de campo se levantó un censo a las agroindustrias ubicadas en el municipio de estudio. Los resultados obtenidos muestran que en la zona de estudio, la mayoría de la agroindustria presenta un bajo nivel de mecanización esto quiere decir que se ubicada dentro de las fases de desarrollo agroindustrial en la industria manufacturera. Es la excepción la industria del café presentando un alto nivel de mecanización y un alto desarrollo, y dentro de las fases de desarrollo agroindustrial se encuentra entre la industria manufacturera. La zona de estudio presenta potencial agroindustrial ya que por su clima hace adaptable a una gran cantidad de cultivos montañosos de alta demanda como son algunos frutales, que no se producen por falta de asesoría o conocimiento de su existencia. Las principales necesidades actuales de la empresa agroindustrial en el municipio de Xicotepec de Juárez, es la modernización tecnológica junto con la necesidad de crédito, falta de personal capacitado para mejorar procesos obsoletos en tiempos o productividad. En el beneficiado de café existe la necesidad de actualizar las formas de proceso. El principal problema del sector primario es de tipo organizacional por parte de los productores de bajos ingresos, por que aunque estos cuentan con asociaciones, no las utilizan debidamente para que les ayude a mejorar su nivel de vida.
590 _aALEPH
_b10
_c20130110
590 _aBATCH-UPD
_b10
_c20130110
590 _aBATCH-UPD
_b10
_c20130410
590 _aBATCH-UPD
_b10
_c20130913
590 _aBATCH-UPD
_b10
_c20140324
590 _aBATCH-UPD
_b10
_c20141002
590 _aCONVERSION
_b10
_c20130109
650 1 4 _aAgricultura
_xPuebla.
_91775
650 1 4 _aIndustria
_zPuebla.
_957772
650 1 4 _aIndustrias agrícolas.
_957925
856 _uhttp://10.13.5.2/tesis/108296.pdf
_zDESCARGAR PDF
901 _aBK
942 _cTD
_2Clasificación Universidad Autónoma Chapingo
949 _aTesis
_bBC
_cTES
_d33724002107223
_eTS1
_gDonaciØn
_h49472
_i108296
_sb
949 _aTesis
_bBC
_cTES
_d33724002107264
_eTS2
_fc.2
_gDonaciØn
_h49473
_i108296
_sb
999 _c96654
_d96654